| 000 | 00830nam a22003015i 4500 | ||
|---|---|---|---|
| 001 | 19375725 | ||
| 003 | NUST | ||
| 005 | 20220825112117.0 | ||
| 008 | 161116s2017 nyu 000 0 eng | ||
| 010 | _a 2016959852 | ||
| 020 | _a9781438009155 | ||
| 038 | _aAzhar | ||
| 040 |
_aDLC _beng _erda _cDLC |
||
| 042 | _apcc | ||
| 082 |
_a378.1662 _bGRE |
||
| 100 | 1 |
_aGreen, Sharon Weiner. _938360 |
|
| 245 | 1 | 0 |
_aBarron's GRE _cSharon Weiner Green, Ira K. Wolf. |
| 250 | _a22nd edition | ||
| 260 |
_aHauppauge, NY : _bBarrons Educational Series, Inc., _c2017 |
||
| 263 | _a1706 | ||
| 300 | _apages cm | ||
| 336 |
_atext _btxt _2rdacontent |
||
| 337 |
_aunmediated _bn _2rdamedia |
||
| 338 |
_avolume _bnc _2rdacarrier |
||
| 906 |
_a0 _bibc _corignew _d2 _eepcn _f20 _gy-gencatlg |
||
| 942 |
_2ddc _cLC |
||
| 999 |
_c590650 _d590650 |
||